00530nam a2200157 a 450000100100000000500170001000800410002704000250006810000320009324500480012526000470017330000210022004900090024195201050025099900170035500002678520200930030418.0110325s1989 dr 000 0 spa d aDO-SdBNPbspacBNPHU1 aLarrañaga, Ignacio95389713aEl pobre de Nazaret /cIgnacio Larrañaga. aSanto Domingo :bSusaeta Ediciones,c1989. a317 p. ;c20 cm. aBNPD 0010718PDaPDbPDcCTd2011-03-25iLF1l0o p26785-10r2020-06-25w2020-06-25yLFPDZNo se presta c26277d26277